Zvýšenie účinnosti odmeňovania tvorivých pracovníkov v š.p. Duslo Šaľa v podmienkach trhového mechanizmu záverečná práca postgraduálneho štúdia

Na minha lista:
Detalhes bibliográficos
Autor principal: Pačesová, Jaroslava
Autor Corporativo: Vysoká škola ekonomická v Bratislave
Outros Autores: Stračár, Vladislav
Formato: Livro
Idioma:eslovaco
Publicado em: Bratislava 1990
Tags: Adicionar Tag
Sem tags, seja o primeiro a adicionar uma tag!

MARC

LEADER 00000nam a2200000 4500
001 c032891
005 20260108100846.1
041 0 |a slo 
044 |a SK 
245 1 0 |a Zvýšenie účinnosti odmeňovania tvorivých pracovníkov v š.p. Duslo Šaľa v podmienkach trhového mechanizmu  |b záverečná práca postgraduálneho štúdia  |c Jaroslava Pačesová ; ved. práce Vladislav Stračár 
264 1 |a Bratislava  |c 1990 
300 |a 56 s. 
100 1 |a Pačesová, Jaroslava 
700 1 |a Stračár, Vladislav 
710 2 |a Vysoká škola ekonomická v Bratislave